| 000 | 01482nam a2200421Ka 4500 | ||
|---|---|---|---|
| 001 | 51037 | ||
| 005 | 20230411090005.0 | ||
| 007 | cr cn||||||||| | ||
| 008 | 071018s2005 enk s 000 0 eng d | ||
| 035 | _a(OCoLC)ocn174996368 | ||
| 040 |
_aOVP _cOVP |
||
| 020 | _a1898702659 | ||
| 020 | _a9781898702658 | ||
| 035 | _a(OCoLC)174996368 | ||
| 090 |
_aHD9506.A2 _bC748 2005 |
||
| 090 | _a659.293382 | ||
| 049 | _aGRAL | ||
| 245 | 0 | 0 |
_aConflict-sensitive business practice _h[electronic resource] : _bguidance for extractive industries. |
| 260 |
_aLondon : _bInternational Alert, _c2005. |
||
| 300 |
_a1 v. (various pagings) : _bdigital, PDF file. |
||
| 500 | _aTitle from title screen (viewed Oct. 2, 2007). | ||
| 500 | _a"March 2005." | ||
| 500 | _aProject team: Jessica Banfield, Adam Barbolet, Rachel Goldwyn, Nick Killick. | ||
| 538 | _aMode of access: World Wide Web. | ||
| 538 | _aSystem requirements: Adobe Acrobat Reader. | ||
| 650 | 0 |
_aMineral industries _xSocial aspects. |
|
| 650 | 0 |
_aPetroleum industry and trade _xSocial aspects. |
|
| 650 | 0 | _aConflict management. | |
| 650 | 0 | _aCountry risk. | |
| 650 | 0 | _aInternational business enterprises. | |
| 650 | 0 | _aSocial responsibility of business. | |
| 700 | 1 | _aBanfield, Jessie. | |
| 710 | 2 | _aInternational Alert (Organization) | |
| 856 | 4 | 0 | _uhttp://www.international-alert.org/our_work/themes/extractive_industries.php |
| 942 |
_2lcc _cbk |
||
| 994 |
_aC0 _bDRFGD |
||
| 946 | _acsexposito | ||
| 999 |
_c110526 _d110526 |
||